00553nam a2200241Ia 450000500170000000800460001702000180006303700100008104000080009104000080009904000080010704100080011504100080012308400080013110000190013924500150015824500400017326000230021326000090023636500050024536500080025085600530025820260324124827.0008 260324s9999 xx 000 0 eng d a9781315066493 aEBOOK aCRL beng cCRL 2eng aeng qCRL aJohn McCormick 0aAcid Earth 4bThe Global Threat of Acid Pollution bTaylor and Francis c2010 a b230 uhttp://www.taylorfrancis.com/books/9781315066493